[Event "IV Open"]
[Site "Crema ITA"]
[Date "2002.09.06"]
[Round "2"]
[White "Florio, Italo"]
[Black "Gualtieri, Primo"]
[Result "0-1"]
[WhiteElo "1437"]
[BlackElo "1609"]
[PlyCount "92"]
[EventDate "2002.09.06"]

1. Nf3 e6 2. g3 d5 3. Bg2 c6 4. O-O f5 5. d3 Nf6 6. Bg5 Be7 7. Nbd2 Nbd7 8. Re1
h6 9. Bf4 g5 10. Be3 Bd6 11. Nf1 Ne5 12. Nxe5 Bxe5 13. c3 Qe7 14. d4 Bc7 15. b4
f4 16. Bd2 fxg3 17. fxg3 Bd7 18. Qc2 O-O-O 19. Rab1 Rdf8 20. e4 Nxe4 21. Bxe4
dxe4 22. Qxe4 e5 23. Ne3 Bh3 24. b5 Qf6 25. Ng4 Qf5 26. Qxf5+ Rxf5 27. Nf2 g4
28. bxc6 bxc6 29. Rb4 h5 30. Reb1 Rhf8 31. Nxh3 gxh3 32. dxe5 Bb6+ 33. Rxb6
axb6 34. Bf4 b5 35. Re1 Kd7 36. Rd1+ Ke7 37. Rd6 Rc8 38. Kf2 Rff8 39. Ke3 Ra8
40. Rxc6 Rxa2 41. Rh6 Rxh2 42. Rxh5 Rh1 43. g4 Rc1 44. Kd2 Rh1 45. Ke3 Rc8 46.
Rxh3 Rxh3+ 0-1

[Event "IV Open"]
[Site "Crema ITA"]
[Date "2002.09.06"]
[Round "2"]
[White "Gilardone, Adriano"]
[Black "Dragojlovic, Andjelko"]
[Result "1/2-1/2"]
[WhiteElo "1729"]
[BlackElo "2351"]
[PlyCount "113"]
[EventDate "2002.09.06"]

1. e4 c5 2. Nf3 g6 3. c3 Bg7 4. d4 cxd4 5. cxd4 d5 6. exd5 Nf6 7. Bb5+ Nbd7 8.
Nc3 O-O 9. O-O Nb6 10. h3 a6 11. Bd3 Nbxd5 12. Re1 b5 13. Bg5 Bb7 14. Rc1 Qd6
15. Ne4 Nxe4 16. Bxe4 e6 17. Qd2 Rfc8 18. Bh6 Bh8 19. Ne5 Rxc1 20. Rxc1 Bxe5
21. dxe5 Qxe5 22. Bxd5 Qxd5 23. Qxd5 Bxd5 24. b3 b4 25. Rc5 a5 26. f3 a4 27.
Rb5 f6 28. Rxb4 axb3 29. axb3 Ra1+ 30. Kh2 Kf7 31. h4 Rb1 32. Rb8 Rb2 33. Kg3
e5 34. Rf8+ Ke7 35. Bg7 Rxb3 36. Rxf6 e4 37. Rf4 Bb7 38. Bd4 Rd3 39. Bc5+ Ke6
40. Kf2 Rc3 41. Bd4 Rc2+ 42. Ke3 exf3 43. gxf3 Rg2 44. Bg7 Bd5 45. Rf6+ Ke7 46.
Rf4 Bc6 47. Bf8+ Ke6 48. Bg7 Ra2 49. Rf6+ Kd5 50. Bh6 Ra4 51. Bf4 Ra2 52. Rf7
Ra3+ 53. Ke2 Kd4 54. Rxh7 Bxf3+ 55. Kf2 Bd5 56. Bg5 Ra2+ 57. Ke1 1/2-1/2

[Event "IV Open"]
[Site "Crema ITA"]
[Date "2002.09.06"]
[Round "2"]
[White "Golia, Franco"]
[Black "Gualazzi, Paolo"]
[Result "0-1"]
[WhiteElo "1837"]
[BlackElo "1576"]
[PlyCount "122"]
[EventDate "2002.09.06"]

1. d4 Nf6 2. Bg5 g6 3. Bxf6 exf6 4. e3 Bg7 5. g3 O-O 6. Bg2 f5 7. Ne2 Re8 8.
O-O c6 9. c4 d6 10. Nbc3 Nd7 11. Qc2 Nf6 12. h4 Ng4 13. Rfe1 Bd7 14. Nf4 Bh6
15. Qb3 Qc7 16. Bf3 Re7 17. Re2 Rae8 18. Rae1 a6 19. a4 Bc8 20. Kg2 Kh8 21. Qc2
Qd8 22. Qd3 Qd7 23. b4 Nf6 24. b5 Ne4 25. bxa6 bxa6 26. Kf1 Kg8 27. Ra1 Bg7 28.
Rb2 Bh6 29. a5 Bxf4 30. gxf4 Qd8 31. Ke2 Nxf2 32. Qd2 Nh3 33. Kd3 Rxe3+ 34.
Qxe3 Rxe3+ 35. Kxe3 Qxh4 36. Bxc6 Qxf4+ 37. Kd3 Qg3+ 38. Kc2 Qf2+ 39. Kb3 Qxd4
40. Rd1 Qc5 41. Nd5 Be6 42. Bb7 Qxa5 43. Ra2 Qc5 44. Rxa6 Kg7 45. Rc6 Qf2 46.
Nc3 Qa7 47. Ba6 Ng5 48. Rdxd6 Ne4 49. Nxe4 fxe4 50. Rb6 e3 51. Rb7 Qxb7+ 52.
Bxb7 e2 53. Bd5 e1=Q 54. c5 Bxd5+ 55. Rxd5 Qe4 56. Rd6 h5 57. Kc3 Qe5+ 58. Kc4
h4 59. Rd3 Qe6+ 60. Kb5 h3 61. c6 h2 0-1

[Event "IV Open"]
[Site "Crema ITA"]
[Date "2002.09.06"]
[Round "2"]
[White "Humel, Andrea"]
[Black "Impellizzeri, Francesco"]
[Result "1-0"]
[WhiteElo "1470"]
[BlackElo "1645"]
[PlyCount "75"]
[EventDate "2002.09.06"]

1. d4 Nf6 2. c4 g6 3. Nc3 Bg7 4. Nf3 d6 5. e3 O-O 6. Be2 Nbd7 7. Qc2 c5 8. h3
cxd4 9. exd4 e5 10. Be3 exd4 11. Bxd4 Nb6 12. O-O Be6 13. b3 d5 14. Rfd1 Qc7
15. Nb5 Qd8 16. Bc5 Ne4 17. Bxf8 Bxa1 18. Rxa1 Kxf8 19. Rd1 a6 20. Nbd4 Rc8 21.
Nxe6+ fxe6 22. Nd4 Qf6 23. Nf3 Kg7 24. Bd3 Nc3 25. Re1 dxc4 26. bxc4 Nxc4 27.
Bxc4 Rxc4 28. Qd3 Rc7 29. g4 Nxa2 30. g5 Qf5 31. Qd4+ Kf7 32. Ne5+ Ke7 33. Rd1
Qxg5+ 34. Kf1 Ke8 35. Qa4+ b5 36. Qe4 Nc3 37. Qa8+ Ke7 38. Qd8# 1-0

[Event "IV Open"]
[Site "Crema ITA"]
[Date "2002.09.06"]
[Round "2"]
[White "Massa, Salvenrico"]
[Black "Biava, Pierluigi"]
[Result "0-1"]
[WhiteElo "1753"]
[BlackElo "1546"]
[PlyCount "94"]
[EventDate "2002.09.06"]

1. c4 Nf6 2. Nc3 c6 3. g3 g6 4. Bg2 Bg7 5. d3 O-O 6. Bd2 a5 7. Nf3 d6 8. O-O
Na6 9. Rb1 e5 10. Bg5 h6 11. Bd2 Bf5 12. e4 Be6 13. h3 Nd7 14. Kh2 Ndc5 15. Ne1
Qd7 16. Ne2 Nb4 17. Qc1 Nbxd3 18. Nxd3 Nxd3 19. Qc2 Nb4 20. Qb3 c5 21. a3 a4
22. Qc3 Nc6 23. Qd3 f5 24. Nc3 Nd4 25. f3 Kh8 26. Nd5 Bxd5 27. exd5 b5 28. Bc3
bxc4 29. Qxc4 Qb5 30. Qxb5 Nxb5 31. Rfd1 Rfe8 32. Be1 e4 33. fxe4 fxe4 34. b3
Nxa3 35. bxa4 Rxa4 36. Rb7 Nc2 37. Rdb1 Nxe1 38. Rxe1 Rd4 39. Ra1 e3 40. Raa7
Be5 41. Rh7+ Kg8 42. Bf1 Rd2+ 43. Kh1 e2 44. Bxe2 Rxe2 45. Rxh6 Rf2 46. Rxg6+
Kf8 47. Rb7 Bd4 0-1

[Event "IV Open"]
[Site "Crema ITA"]
[Date "2002.09.06"]
[Round "2"]
[White "Moratto, Davide"]
[Black "Annoni, Riccardo"]
[Result "0-1"]
[WhiteElo "1557"]
[BlackElo "1843"]
[PlyCount "110"]
[EventDate "2002.09.06"]

1. e4 c5 2. Nf3 e6 3. Nc3 a6 4. g3 Nc6 5. d4 cxd4 6. Nxd4 g6 7. Bg2 d6 8. O-O
Bg7 9. Nde2 Nge7 10. Be3 O-O 11. Qd2 Ne5 12. Rad1 Nc4 13. Qc1 Nxe3 14. Qxe3 Qc7
15. f4 Bd7 16. Rd3 Rad8 17. Rfd1 Bc6 18. Kh1 b5 19. Nd4 Bb7 20. Nce2 b4 21. c3
d5 22. e5 bxc3 23. Rxc3 Qd7 24. h3 Rc8 25. Rdc1 h5 26. g4 hxg4 27. hxg4 Rxc3
28. Rxc3 Rc8 29. Rxc8+ Qxc8 30. Qc3 Qxc3 31. Nxc3 g5 32. fxg5 Bxe5 33. Nde2 Kg7
34. Na4 Kg6 35. Nc5 Bc8 36. b4 Nc6 37. a3 Bb2 38. Kh2 Bxa3 39. Nf4+ Kxg5 40.
Nxd5 exd5 41. Bxd5 Bxb4 42. Nxa6 Bxa6 43. Bxc6 Kxg4 44. Kg2 Be1 45. Bf3+ Kf4
46. Bd5 f6 47. Bc6 Bd3 48. Bd7 Bf5 49. Be8 Bg3 50. Kf1 Kf3 51. Bh5+ Bg4 52. Bg6
Bf2 53. Bh5 f5 54. Bxg4+ Kxg4 55. Kxf2 Kf4 0-1

[Event "IV Open"]
[Site "Crema ITA"]
[Date "2002.09.06"]
[Round "2"]
[White "Pagliari, Franco"]
[Black "Gardon, Ermanno"]
[Result "0-1"]
[WhiteElo "1500"]
[BlackElo "2108"]
[PlyCount "62"]
[EventDate "2002.09.06"]

1. e4 e5 2. Nf3 Nf6 3. Nxe5 d6 4. Nf3 Nxe4 5. Nc3 Nxc3 6. dxc3 Be7 7. Be2 Bf5
8. O-O Nc6 9. b3 Bf6 10. Bb2 O-O 11. Rb1 a5 12. c4 Bxb2 13. Rxb2 a4 14. b4 Qf6
15. Rb1 Rfe8 16. Qd2 h6 17. b5 Ne5 18. Nxe5 Qxe5 19. Bf3 Be4 20. Rfe1 Qf5 21.
Bxe4 Rxe4 22. Qd3 Rae8 23. Re3 Rxe3 24. fxe3 Qxd3 25. cxd3 Rxe3 26. d4 Re2 27.
c5 dxc5 28. dxc5 Rxa2 29. c6 bxc6 30. bxc6 Rc2 31. Rb4 a3 0-1

[Event "IV Open"]
[Site "Crema ITA"]
[Date "2002.09.06"]
[Round "2"]
[White "Panizzi, Giuseppe"]
[Black "Santandrea, Marco"]
[Result "0-1"]
[WhiteElo "1859"]
[BlackElo "1615"]
[PlyCount "98"]
[EventDate "2002.09.06"]

1. d4 f5 2. Nf3 Nf6 3. Bf4 g6 4. e3 Bg7 5. Bd3 d6 6. O-O O-O 7. Nbd2 Nc6 8. c3
Kh8 9. h3 e5 10. dxe5 dxe5 11. Bxe5 Qxd3 12. Bxc7 Be6 13. Nd4 Nxd4 14. exd4 Bd5
15. Be5 Nh5 16. Bxg7+ Kxg7 17. Nb3 Qe4 18. f3 Qe3+ 19. Rf2 Nf4 20. Qd2 Rae8 21.
Qxe3 Rxe3 22. Nc5 Rfe8 23. Rd2 Re1+ 24. Rxe1 Rxe1+ 25. Kf2 Re7 26. b3 b6 27.
Na4 b5 28. Nb2 Rc7 29. Rc2 Bf7 30. c4 a5 31. h4 Nd5 32. Rd2 bxc4 33. bxc4 Nb6
34. c5 Nc4 35. Nxc4 Bxc4 36. Rc2 Bd5 37. Ke3 Kf6 38. Rb2 Rb7 39. Rc2 h6 40. Kd3
g5 41. hxg5+ hxg5 42. c6 Rc7 43. Rc5 Bxa2 44. d5 Ke5 45. Rxa5 Bxd5 46. g3 Rxc6
47. f4+ gxf4 48. gxf4+ Kd6 49. Ra4 Rb6 0-1

[Event "IV Open"]
[Site "Crema ITA"]
[Date "2002.09.06"]
[Round "2"]
[White "Peron, Davide"]
[Black "Riva, Carlo"]
[Result "1-0"]
[WhiteElo "1516"]
[BlackElo "1480"]
[PlyCount "149"]
[EventDate "2002.09.06"]

1. e4 c5 2. Nf3 d6 3. Bb5+ Bd7 4. Bxd7+ Nxd7 5. O-O Ngf6 6. d3 e6 7. b3 g6 8.
Bb2 Bg7 9. Nbd2 O-O 10. Rb1 b5 11. Re1 e5 12. Nf1 b4 13. Bc1 a5 14. Bg5 h6 15.
Bd2 a4 16. Qc1 Kh7 17. Ng3 Ng8 18. h4 h5 19. Ng5+ Kh8 20. Qd1 Ndf6 21. Qc1 Nh7
22. Re3 Nxg5 23. hxg5 Qxg5 24. Rf3 Qe7 25. Nxh5 gxh5 26. Rh3 h4 27. Qd1 Bf6 28.
Qh5+ Kg7 29. Rf1 Rfb8 30. f4 Kf8 31. fxe5 dxe5 32. Rhf3 Ke8 33. Bg5 Rb6 34.
Bxh4 axb3 35. axb3 Rba6 36. Bxf6 Nxf6 37. Rxf6 Rxf6 38. Qh8+ Kd7 39. Qxf6 Qxf6
40. Rxf6 Ra1+ 41. Kh2 Rc1 42. Rxf7+ Ke6 43. Rf2 Ra1 44. g4 Ra7 45. Kg3 Rg7 46.
Kh4 Rh7+ 47. Kg5 Rg7+ 48. Kh5 Rg8 49. g5 Ke7 50. g6 Rh8+ 51. Kg5 Rh1 52. Rg2
Kf8 53. Kf6 Rh5 54. g7+ Kg8 55. Ke6 Rh6+ 56. Kd5 Rf6 57. Kxc5 Rf7 58. Kxb4 Rc7
59. c4 Rb7+ 60. Kc3 Rb8 61. c5 Rc8 62. b4 Rd8 63. Rg3 Rc8 64. Kc4 Ra8 65. Rg5
Ra1 66. Rxe5 Kxg7 67. Rf5 Rc1+ 68. Kb5 Rd1 69. Rf3 Rh1 70. c6 Rh5+ 71. Rf5 Rh8
72. c7 Re8 73. Rd5 Rc8 74. Kb6 Kf6 75. Rd8 1-0

[Event "IV Open"]
[Site "Crema ITA"]
[Date "2002.09.06"]
[Round "2"]
[White "Pezzotta, Gianni"]
[Black "Torriani, Piergiorgio"]
[Result "1-0"]
[WhiteElo "1380"]
[BlackElo "1600"]
[PlyCount "73"]
[EventDate "2002.09.06"]

1. d4 d5 2. c4 e6 3. cxd5 exd5 4. Nf3 Nf6 5. Nc3 c5 6. dxc5 Bxc5 7. Bg5 Qb6 8.
e3 Bb4 9. Bxf6 Qxf6 10. Qc2 O-O 11. Be2 Nc6 12. Rd1 Be6 13. O-O Rfd8 14. Nd4
Nxd4 15. Rxd4 Bc5 16. Rf4 Qe5 17. Rh4 g6 18. Rd1 Be7 19. Rhd4 Rac8 20. Bg4 f5
21. Bf3 b5 22. Qb3 Bc5 23. Bxd5 Rd6 24. Bxe6+ Rxe6 25. Rd5 Qf6 26. Qxb5 Rb6 27.
Qc4 Rbc6 28. Rd8+ Kg7 29. Qg8+ Kh6 30. Rxc8 a5 31. Rxc6 Qxc6 32. Qd5 Qc7 33. g3
Bb4 34. Qd8 Qc4 35. Rd4 Qf7 36. Rd7 Qe6 37. Qh4# 1-0

[Event "IV Open"]
[Site "Crema ITA"]
[Date "2002.09.06"]
[Round "2"]
[White "Pinotti, Claudio"]
[Black "Galli, Massimiliano"]
[Result "1-0"]
[WhiteElo "2073"]
[BlackElo "1500"]
[PlyCount "115"]
[EventDate "2002.09.06"]

1. e4 c5 2. c3 e5 3. Nf3 Nc6 4. Bb5 Nf6 5. Qe2 Qb6 6. O-O Nxe4 7. Bxc6 Qxc6 8.
Nxe5 Qd5 9. Nf3 Be7 10. Re1 f5 11. d3 d6 12. dxe4 fxe4 13. Qxe4 Qxe4 14. Rxe4
Bf5 15. Re1 h6 16. Bf4 Rd8 17. Nbd2 Rd7 18. Ne4 O-O 19. Bg3 d5 20. Ned2 d4 21.
Be5 d3 22. Re3 Bf6 23. Rae1 b5 24. Bxf6 Rxf6 25. Re8+ Kh7 26. h3 b4 27. cxb4
cxb4 28. R1e7 Rxe7 29. Rxe7 Ra6 30. Rb7 Rxa2 31. Rxb4 a5 32. Rb6 a4 33. Kh2 a3
34. bxa3 Rxa3 35. g4 Bg6 36. Kg3 Ra4 37. Rd6 Ra3 38. Kf4 Ra1 39. Ne5 Rd1 40.
Ke3 Re1+ 41. Kd4 Re2 42. Nxg6 Rxd2 43. Ke3 Rd1 44. Nf4 Re1+ 45. Kf3 g5 46. Nxd3
Rd1 47. Rd7+ Kg8 48. Ne5 Rxd7 49. Nxd7 Kg7 50. Ke4 Kf7 51. f4 Ke7 52. fxg5 hxg5
53. Kf5 Kxd7 54. Kxg5 Ke7 55. Kg6 Kf8 56. Kh7 Kf7 57. g5 Kf8 58. g6 1-0

[Event "IV Open"]
[Site "Crema ITA"]
[Date "2002.09.06"]
[Round "2"]
[White "Prati, Alessandro"]
[Black "Agnelli, Francesco"]
[Result "0-1"]
[WhiteElo "1624"]
[BlackElo "2146"]
[PlyCount "36"]
[EventDate "2002.09.06"]

1. d4 Nf6 2. Nf3 g6 3. Bg5 Bg7 4. e3 d6 5. Bd3 O-O 6. O-O Nc6 7. c3 h6 8. Bh4
g5 9. Bg3 Nh5 10. e4 Nxg3 11. hxg3 e5 12. d5 Ne7 13. Nfd2 c6 14. c4 g4 15. Nc3
Ng6 16. f4 exf4 17. Rxf4 Nxf4 18. gxf4 Bd4+ 0-1

[Event "IV Open"]
[Site "Crema ITA"]
[Date "2002.09.06"]
[Round "2"]
[White "Raffaldi, Fabrizio"]
[Black "Potenza, Gaetano"]
[Result "0-1"]
[WhiteElo "1560"]
[BlackElo "1476"]
[PlyCount "60"]
[EventDate "2002.09.06"]

1. e4 c6 2. d4 d5 3. e5 Bf5 4. Nf3 e6 5. Be2 Nd7 6. O-O Qc7 7. Bf4 Be7 8. Nbd2
h6 9. c4 g5 10. Bg3 h5 11. h3 g4 12. hxg4 hxg4 13. Nh2 dxc4 14. Nxc4 Nh6 15.
Ne3 O-O-O 16. Rc1 Nc5 17. f3 gxf3 18. gxf3 Bh3 19. Re1 Nd7 20. Kf2 Nf5 21. Nxf5
Bxf5 22. Qb3 Nb6 23. Red1 Bh4 24. Ng4 Nd5 25. Rh1 Bxg3+ 26. Kxg3 f6 27. Kg2
Bxg4 28. fxg4 fxe5 29. dxe5 Qxe5 30. Rxc6+ bxc6 0-1

[Event "IV Open"]
[Site "Crema ITA"]
[Date "2002.09.06"]
[Round "2"]
[White "Ruggeri, Dario"]
[Black "Castrogiovanni, Carlo"]
[Result "0-1"]
[WhiteElo "1618"]
[BlackElo "2071"]
[PlyCount "76"]
[EventDate "2002.09.06"]

1. e4 c5 2. Nf3 a6 3. d4 cxd4 4. Nxd4 Nf6 5. Nc3 e5 6. Nf5 d5 7. Ng3 d4 8. Nb1
Nc6 9. Be2 Bc5 10. O-O O-O 11. Kh1 Qe7 12. Bg5 h6 13. Bxf6 Qxf6 14. Nd2 Bd6 15.
Bc4 b5 16. Bd5 Bd7 17. Nf5 Rac8 18. Nxd6 Qxd6 19. a3 Kh7 20. Qh5 g6 21. Qf3 f5
22. Qd3 Ne7 23. Bb3 Bc6 24. Rac1 fxe4 25. Nxe4 Bxe4 26. Qxe4 Rf4 27. Qd3 e4 28.
Qe2 Nf5 29. g3 d3 30. cxd3 exd3 31. Qe6 Qxe6 32. Bxe6 Rxc1 33. Rxc1 Rxf2 34.
Rc7+ Kh8 35. Rd7 Ne3 36. Rd8+ Kg7 37. Rg8+ Kh7 38. h4 d2 0-1

[Event "IV Open"]
[Site "Crema ITA"]
[Date "2002.09.06"]
[Round "2"]
[White "Salami, Marco"]
[Black "Festa, Samuele"]
[Result "1-0"]
[WhiteElo "2206"]
[BlackElo "1660"]
[PlyCount "95"]
[EventDate "2002.09.06"]

1. e4 c5 2. Nf3 d6 3. Bb5+ Bd7 4. Bxd7+ Qxd7 5. c4 Nc6 6. O-O g6 7. d4 cxd4 8.
Nxd4 Bg7 9. Nf3 Nf6 10. Qe2 Qg4 11. Re1 Nd7 12. Na3 Rc8 13. Rb1 Nde5 14. Nxe5
Qxe2 15. Rxe2 Nxe5 16. b3 Nc6 17. Bb2 Bxb2 18. Rexb2 O-O 19. Rd2 f5 20. exf5
Rxf5 21. Nc2 b5 22. Ne3 Re5 23. cxb5 Rxb5 24. Rc1 Rc5 25. Rxc5 dxc5 26. Rd7 Kf7
27. Kf1 Ke6 28. Rb7 Rd8 29. Ke1 Rd7 30. Rxd7 Kxd7 31. Kd2 Kd6 32. Kc3 Nb4 33.
a3 Nd5+ 34. Nxd5 Kxd5 35. Kd3 e5 36. f3 g5 37. a4 h5 38. a5 h4 39. a6 Kd6 40.
Ke4 Ke6 41. g3 hxg3 42. hxg3 Kf6 43. Kd5 Kf5 44. Kxc5 e4 45. fxe4+ Kxe4 46. Kc6
Kf3 47. Kb7 Kxg3 48. Kxa7 1-0

[Event "IV Open"]
[Site "Crema ITA"]
[Date "2002.09.06"]
[Round "2"]
[White "Trangoni, Bruno"]
[Black "Sbarra, Marco"]
[Result "1/2-1/2"]
[WhiteElo "1695"]
[BlackElo "2237"]
[PlyCount "73"]
[EventDate "2002.09.06"]

1. f4 e5 2. fxe5 d6 3. exd6 Bxd6 4. Nf3 g5 5. d4 g4 6. Ng5 Qe7 7. Nc3 Nf6 8.
Qd3 Nc6 9. a3 Bd7 10. Nge4 Nxe4 11. Nxe4 f5 12. Nxd6+ Qxd6 13. d5 Ne5 14. Qb3
O-O-O 15. Bd2 c6 16. Ba5 Rde8 17. O-O-O cxd5 18. Rxd5 Qh6+ 19. Bd2 Qc6 20. e4
Be6 21. Bb5 Bxd5 22. exd5 Qc7 23. Bxe8 Rxe8 24. Re1 Rd8 25. Re3 Kb8 26. g3 Nc4
27. Rc3 Nxd2 28. Kxd2 Qe5 29. Rd3 f4 30. d6 f3 31. Qf7 Rxd6 32. Qf8+ Kc7 33.
Qf7+ Kc6 34. Qc4+ Kd7 35. Qxg4+ Kc7 36. Qxf3 Rxd3+ 37. Qxd3 1/2-1/2

[Event "IV Open"]
[Site "Crema ITA"]
[Date "2002.09.06"]
[Round "2"]
[White "Vetturi, Pietro"]
[Black "Benedetti, Maurizio"]
[Result "1-0"]
[WhiteElo "1600"]
[BlackElo "1458"]
[PlyCount "45"]
[EventDate "2002.09.06"]

1. d4 g6 2. c4 Nf6 3. Nc3 d5 4. cxd5 Nxd5 5. e4 Nxc3 6. bxc3 Bg7 7. Bc4 O-O 8.
Ne2 c5 9. O-O Nc6 10. Be3 Qa5 11. Qb3 cxd4 12. cxd4 Rd8 13. Bxf7+ Kh8 14. Rfd1
Qc7 15. Rac1 Qd7 16. d5 Ne5 17. Be6 Qd6 18. Bc5 Qa6 19. Nd4 Bxe6 20. Nxe6 Rd7
21. Nxg7 Kxg7 22. Bd4 Qd6 23. Qc3 1-0

[Event "IV Open"]
[Site "Crema ITA"]
[Date "2002.09.06"]
[Round "2"]
[White "Volpati, Antonio"]
[Black "Folcini, Gaddo"]
[Result "1-0"]
[WhiteElo "1540"]
[BlackElo "1344"]
[PlyCount "61"]
[EventDate "2002.09.06"]

1. e4 d5 2. exd5 Nf6 3. Nf3 e6 4. Be2 exd5 5. d4 Bd6 6. O-O Bg4 7. b3 Nbd7 8.
Re1 Ne4 9. Nfd2 Bxh2+ 10. Kf1 Nxd2+ 11. Nxd2 Be6 12. Bg4 Qf6 13. Bxe6 fxe6 14.
Qh5+ Ke7 15. Qxh2 Qxd4 16. Ba3+ c5 17. Nf3 Qf6 18. Rad1 Kf7 19. Qc7 Rhd8 20.
Ne5+ Kg8 21. Nxd7 Qf7 22. Qe5 Kh8 23. Nxc5 Rac8 24. Nxe6 Rxc2 25. Re2 Rdc8 26.
Ng5 Qh5 27. Nf3 Qh1+ 28. Ng1 h6 29. Bb2 R2c7 30. Rc2 Qh4 31. Rxc7 1-0

[Event "IV Open"]
[Site "Crema ITA"]
[Date "2002.09.07"]
[Round "3"]
[White "Agnelli, Francesco"]
[Black "Brunello, Sabino"]
[Result "1-0"]
[WhiteElo "2146"]
[BlackElo "1957"]
[PlyCount "55"]
[EventDate "2002.09.06"]

1. e4 e5 2. Nf3 Nc6 3. Bb5 d6 4. d4 Bd7 5. Nc3 Nf6 6. O-O Be7 7. Re1 exd4 8.
Nxd4 O-O 9. Nxc6 bxc6 10. Bd3 Ng4 11. Be2 Ne5 12. f4 Ng6 13. Bd3 a6 14. Ne2 Bg4
15. c3 d5 16. Qc2 Bxe2 17. Qxe2 Bc5+ 18. Kh1 Re8 19. Bd2 Qh4 20. Rf1 Qe7 21.
Rae1 a5 22. Qh5 Nf8 23. f5 g6 24. Qg4 Rab8 25. b3 Kh8 26. Bg5 Qd7 27. Bf6+ Kg8
28. Qg5 1-0

[Event "IV Open"]
[Site "Crema ITA"]
[Date "2002.09.07"]
[Round "3"]
[White "Annoni, Riccardo"]
[Black "Braghetta, Sergio"]
[Result "0-1"]
[WhiteElo "1843"]
[BlackElo "2265"]
[PlyCount "72"]
[EventDate "2002.09.06"]

1. e4 Nc6 2. Nf3 d6 3. d4 Bg4 4. Be3 Nf6 5. Nc3 e6 6. Be2 Be7 7. O-O O-O 8. a3
a6 9. Nd2 Bxe2 10. Qxe2 e5 11. d5 Nb8 12. Nd1 c6 13. c4 Nbd7 14. b4 cxd5 15.
cxd5 Rc8 16. Nb2 Rc2 17. Qd3 Rc7 18. f3 Nh5 19. Rfc1 Nf4 20. Qf1 Bg5 21. Qe1 h6
22. Rxc7 Qxc7 23. g3 Nh3+ 24. Kg2 Bxe3 25. Qxe3 Ng5 26. h4 Nh7 27. Nd3 Qc3 28.
Rc1 Qxa3 29. Nc4 Qb3 30. Nxd6 b6 31. Rc7 Nhf6 32. Nf5 a5 33. g4 Rd8 34. g5 Nh5
35. gxh6 Qxd3 36. Qxd3 Nf4+ 0-1

[Event "IV Open"]
[Site "Crema ITA"]
[Date "2002.09.07"]
[Round "3"]
[White "Benedetti, Maurizio"]
[Black "Badalotti, Dario"]
[Result "1-0"]
[WhiteElo "1458"]
[BlackElo "1585"]
[PlyCount "87"]
[EventDate "2002.09.06"]

1. c4 e5 2. Nc3 Nc6 3. g3 Bb4 4. Bg2 d6 5. Nd5 Nf6 6. Nxb4 Nxb4 7. a3 Nc6 8. b4
a6 9. Bb2 Rb8 10. Nf3 Bg4 11. O-O Qd7 12. d4 exd4 13. Nxd4 Nxd4 14. Qxd4 O-O
15. Rfe1 Rfe8 16. e4 Re7 17. Re3 Rbe8 18. Rae1 Re6 19. f3 Bh5 20. Bh3 Qc6 21.
Bxe6 fxe6 22. e5 dxe5 23. Qxe5 Kf7 24. Qf4 h6 25. g4 Bg6 26. h4 Kg8 27. Bxf6
gxf6 28. Qxf6 Bf7 29. Re4 Qa4 30. g5 hxg5 31. Qxg5+ Kf8 32. Qh6+ Ke7 33. Rxe6+
Bxe6 34. Qxe6+ Kf8 35. Qxe8+ Qxe8 36. Rxe8+ Kxe8 37. Kf2 Kf7 38. Ke3 Kg6 39.
Ke4 Kh5 40. f4 Kxh4 41. f5 Kg5 42. Ke5 Kh6 43. Ke6 Kg7 44. Ke7 1-0

[Event "IV Open"]
[Site "Crema ITA"]
[Date "2002.09.07"]
[Round "3"]
[White "Biava, Pierluigi"]
[Black "Cocozza, Mario"]
[Result "0-1"]
[WhiteElo "1546"]
[BlackElo "2354"]
[PlyCount "36"]
[EventDate "2002.09.06"]

1. e4 c6 2. Nc3 d5 3. exd5 cxd5 4. Bb5+ Nc6 5. Nf3 Bg4 6. h3 Bxf3 7. Qxf3 e6 8.
O-O Nf6 9. Re1 Be7 10. d4 O-O 11. Be3 Rc8 12. a3 Na5 13. Bd3 Nc4 14. Bc1 Qa5
15. Qd1 Bb4 16. Rb1 Nxa3 17. bxa3 Bxc3 18. Bd2 Bxd2 0-1

[Event "IV Open"]
[Site "Crema ITA"]
[Date "2002.09.07"]
[Round "3"]
[White "Borboni, Paolo"]
[Black "Panizzi, Giuseppe"]
[Result "0-1"]
[WhiteElo "1521"]
[BlackElo "1859"]
[PlyCount "78"]
[EventDate "2002.09.06"]

1. e4 c5 2. c3 Nc6 3. d4 cxd4 4. cxd4 d6 5. Nf3 g6 6. d5 Nb8 7. Be3 Bg7 8. Nc3
Nd7 9. Qd2 Ngf6 10. Bh6 Bxh6 11. Qxh6 Qb6 12. Qd2 a6 13. Rc1 Nc5 14. Qc2 Bg4
15. Nd2 Rc8 16. Be2 Bxe2 17. Nxe2 O-O 18. Qb1 Ng4 19. O-O Ne5 20. Nc4 Nxc4 21.
Rxc4 Nd7 22. Rfc1 Rxc4 23. Rxc4 Ne5 24. Rc3 f5 25. Ng3 fxe4 26. Nxe4 Qd4 27.
Rc7 Rf4 28. Rxe7 Qxe4 29. Qc1 Qc4 30. Qe1 Re4 31. Qd1 Qe2 32. Qxe2 Rxe2 33. Kf1
Rxb2 34. f4 Nf7 35. h4 b5 36. g4 Rxa2 37. f5 gxf5 38. gxf5 Ra4 39. f6 Rf4+ 0-1

[Event "IV Open"]
[Site "Crema ITA"]
[Date "2002.09.07"]
[Round "3"]
[White "Castrogiovanni, Carlo"]
[Black "Gualazzi, Paolo"]
[Result "1-0"]
[WhiteElo "2071"]
[BlackElo "1576"]
[PlyCount "118"]
[EventDate "2002.09.06"]

1. Nf3 Nf6 2. c4 g6 3. g3 Bg7 4. Bg2 O-O 5. O-O Nc6 6. d4 e6 7. d5 Ne7 8. Nc3
d6 9. e4 e5 10. Ne1 Nh5 11. g4 Nf4 12. f3 g5 13. Nd3 Neg6 14. Ne2 Re8 15. Be3
Bd7 16. Bf2 a6 17. Qd2 Rc8 18. Rfd1 Qf6 19. Rab1 Nxg2 20. Kxg2 Nh4+ 21. Bxh4
gxh4 22. Ng1 Bh6 23. Qe2 Kh8 24. Nh3 Rg8 25. Nhf2 Rcf8 26. Kh1 Qg6 27. Rg1 Bg5
28. Rbf1 h5 29. h3 hxg4 30. fxg4 c6 31. dxc6 Bxc6 32. Nb4 Bd7 33. Nd5 Rg7 34.
Nd3 Rfg8 35. Qf3 Bc6 36. Rg2 Bd8 37. N3b4 Bd7 38. Ne3 b5 39. Nxa6 bxc4 40. Nb4
Bb5 41. Rd1 Bb6 42. Nf5 Bc5 43. Nd5 Qh7 44. Nf6 Qg6 45. Nxg8 Rxg8 46. Ne7 Qh7
47. Qf6+ Rg7 48. Nf5 Bc6 49. Nxg7 Qxg7 50. Qxh4+ Kg8 51. Re2 Qg6 52. g5 Bd4 53.
Kh2 d5 54. Qg4 Bb7 55. Rf1 dxe4 56. Rf6 Qh7 57. Rh6 Qg7 58. Qd7 f5 59. Qe8+ Qf8
1-0

[Event "IV Open"]
[Site "Crema ITA"]
[Date "2002.09.07"]
[Round "3"]
[White "Ceresoli, Luigi"]
[Black "Peron, Davide"]
[Result "1-0"]
[WhiteElo "2204"]
[BlackElo "1516"]
[PlyCount "65"]
[EventDate "2002.09.06"]

1. e4 c5 2. Nf3 d6 3. d4 cxd4 4. Nxd4 Nf6 5. Nc3 a6 6. Bg5 e5 7. Nde2 Be7 8.
Bxf6 Bxf6 9. Nd5 Nd7 10. Nec3 b5 11. a4 bxa4 12. Rxa4 Nb6 13. Nxb6 Qxb6 14. Nd5
Qd8 15. Bb5+ Bd7 16. Rxa6 Rxa6 17. Bxa6 O-O 18. O-O Bg5 19. Qe2 Re8 20. Bb5 Re6
21. Bxd7 Qxd7 22. Ra1 Re8 23. b4 Qb7 24. b5 Ra8 25. Rxa8+ Qxa8 26. g3 Bd8 27.
Qc4 Qa1+ 28. Kg2 Qe1 29. b6 h5 30. b7 Qb1 31. Qb4 Qxb4 32. Nxb4 Bc7 33. Na6 1-0

[Event "IV Open"]
[Site "Crema ITA"]
[Date "2002.09.07"]
[Round "3"]
[White "Dragojlovic, Andjelko"]
[Black "Trangoni, Bruno"]
[Result "1-0"]
[WhiteElo "2351"]
[BlackElo "1695"]
[PlyCount "59"]
[EventDate "2002.09.06"]

1. Nf3 f5 2. g3 Nf6 3. Bg2 g6 4. O-O Bg7 5. d3 d6 6. c4 O-O 7. Nc3 c6 8. e4 e5
9. c5 Na6 10. cxd6 Qxd6 11. Re1 Re8 12. exf5 gxf5 13. d4 exd4 14. Rxe8+ Nxe8
15. Bf4 Qb4 16. a3 Qxb2 17. Na4 Qb5 18. Rb1 Qc4 19. Ne5 Qa2 20. Ra1 Qe6 21.
Qxd4 b5 22. Nc5 Nxc5 23. Qxc5 Bb7 24. Rc1 Bf8 25. Qe3 Nf6 26. Bxc6 Bxc6 27.
Rxc6 Bd6 28. Ng4 Ne4 29. Rxd6 Qa2 30. Nh6+ 1-0

[Event "IV Open"]
[Site "Crema ITA"]
[Date "2002.09.07"]
[Round "3"]
[White "Festa, Samuele"]
[Black "Volpati, Antonio"]
[Result "1-0"]
[WhiteElo "1660"]
[BlackElo "1540"]
[PlyCount "95"]
[EventDate "2002.09.06"]

1. Nf3 g6 2. d4 Nf6 3. c4 Bg7 4. Nc3 d5 5. Bf4 c6 6. e3 Bf5 7. Qb3 b6 8. cxd5
Nxd5 9. Nxd5 Qxd5 10. Qxd5 cxd5 11. Rc1 O-O 12. Be2 Nd7 13. Ba6 Nf6 14. Bb7
Rad8 15. Bc7 Rde8 16. Ne5 Nd7 17. Nxd7 Bxd7 18. Bxd5 Bb5 19. b3 Ba6 20. Bc6 Rc8
21. Bd7 Ra8 22. Rc3 Bf6 23. b4 Kg7 24. b5 Bb7 25. O-O e6 26. Rfc1 Bd8 27. Bd6
Rh8 28. Bc6 Bxc6 29. bxc6 Rc8 30. c7 Bf6 31. g3 Rhe8 32. Ra3 Be7 33. Bxe7 Rxe7
34. Rxa7 Rd7 35. Rb7 Kf6 36. Kg2 Ke7 37. Rc6 Rd6 38. Rbxb6 Rxc6 39. Rxc6 Kd7
40. Rc3 Ra8 41. c8=Q+ Rxc8 42. Rxc8 Kxc8 43. Kf3 Kc7 44. Ke4 f6 45. g4 Kd6 46.
a4 g5 47. f4 h6 48. f5 1-0